Top 10 Most Subscribed YouTubers - Statistics

General Stats
  • This quiz has been taken 60 times
  • The average score is 4 of 15
Answer Stats
Hint Answer % Correct
1 MrBeast
100%
12 PewDiePie
63%
2 T Series
51%
3 Cocomelon
42%
5 Vlad and Niki
19%
6 Kids Diana Show
12%
8 Like Nastya
12%
4 SET india
12%
7 Stokes Twins
12%
9 KIMPRO
9%
11 WWE
9%
13 Goldmines
7%
10 Zee Music Company
7%
14 Alejo lgoa
2%
15 Sony SAB
2%
No matching quizzes found
Score Distribution
Percent of People with Each Score
Percentile by Number Answered
Your Score History
You have not taken this quiz